The sonowal kacharis of Assam. (Record no. 159)

MARC details
000 -LEADER
fixed length control field 00446cam a2200181ua 4500
008 - FIXED-LENGTH DATA ELEMENTS--GENERAL INFORMATION
fixed length control field 120924n ii |||gr||||Z||||||eng
040 ## - CATALOGING SOURCE
Transcribing agency MAIN
082 ## - DEWEY DECIMAL CLASSIFICATION NUMBER
Classification number 305.8
245 ## - TITLE STATEMENT
Title The sonowal kacharis of Assam.
Statement of responsibility, etc. By Binita Barooah.
250 ## - EDITION STATEMENT
Edition statement 1st.
260 ## - PUBLICATION, DISTRIBUTION, ETC.
Place of publication, distribution, etc. Doomdooma.:
Name of publisher, distributor, etc. DAIRTSC,998.
300 ## - PHYSICAL DESCRIPTION
Extent 66 p.:5 cm.
700 ## - ADDED ENTRY--PERSONAL NAME
Personal name Barooah, Binita.,
942 ## - ADDED ENTRY ELEMENTS (KOHA)
Koha item type Books
653 ## - INDEX TERM--UNCONTROLLED
Uncontrolled term Sociology.
653 ## - INDEX TERM--UNCONTROLLED
Uncontrolled term The sonowal kacharis of Assam.
Holdings
Withdrawn status Lost status Damaged status Not for loan Home library Current library Shelving location Date acquired Total Checkouts Full call number Barcode Date last seen Copy number Price effective from Koha item type
        Central Library, Naharkatiya College Central Library, Naharkatiya College   19/09/2020   305.8 | BAR 3595 19/09/2020 7 19/09/2020 Books
        Central Library, Naharkatiya College Central Library, Naharkatiya College   19/09/2020   305.8 | BAR 3596 19/09/2020 4 19/09/2020 Books
        Central Library, Naharkatiya College Central Library, Naharkatiya College   19/09/2020   305.8 | BAR 3597 19/09/2020 1 19/09/2020 Books
        Central Library, Naharkatiya College Central Library, Naharkatiya College   19/09/2020   305.8 | BAR 3599 19/09/2020 1 19/09/2020 Books
        Central Library, Naharkatiya College Central Library, Naharkatiya College   19/09/2020   305.8 | BAR 3602 19/09/2020 3 19/09/2020 Books
        Central Library, Naharkatiya College Central Library, Naharkatiya College   19/09/2020   305.8 | BAR 3603 19/09/2020 6 19/09/2020 Books
        Central Library, Naharkatiya College Central Library, Naharkatiya College   19/09/2020   305.8 | BAR 3604 19/09/2020 5 19/09/2020 Books

Naharkatiya College © 2020. All rights reserved.

Powered By